00569nam a2200241Ia 450000500170000000800460001702000180006303700100008104000080009104000080009904000080010704100080011504100080012308400080013110000180013924500400015724500320019726000230022926000090025236500050026136500080026685600530027420260324143900.0008 260324s9999 xx 000 0 eng d a9780203734773 aEBOOK aCRL beng cCRL 2eng aeng qCRL aShigeo Shingo 0aUna revolutión en la productión 0bel sistema SMED, 3a Edicion bTaylor and Francis c1990 a b290 uhttp://www.taylorfrancis.com/books/9780203734773